Country Flags #6 - Statistics

General Stats
  • This quiz has been taken 29 times
  • The average score is 11 of 12
Answer Stats
Picture Answer % Correct
Bangladesh
100%
Romania
100%
Serbia
100%
Columbia
96%
Latvia
96%
Luxembourg
96%
Thailand
96%
Ecuador
93%
Chad
89%
Fiji
89%
Palau
89%
Costa Rica
85%
No matching quizzes found
Score Distribution
Percent of People with Each Score
Percentile by Number Answered
Your Score History
You have not taken this quiz